000 00844nam a22002417a 4500
005 20240530110340.0
008 141102s2009 ua bd fr 000 0 ara d
040 _aEG-CaGPL
082 0 4 _221
_a916.2\
_bج م
100 0 _aجمال مشعل
245 1 0 _aموسوعة البلدان المصرية :
_bج 1 /
_cجمال مشعل
250 _aط 1
260 _aالقاهرة :
_bالمجلس الاعلى للثقافة ،
_c2009
300 _a729 ص :
_bخرائط ؛
_c24 سم
490 _aابداعات التفرغ :
_v48
650 0 4 _aاقسام الشرطة
_zمصر
650 0 4 _aالقرى السياحية
_zمصر
651 0 4 _aمصر
_xوصف ورحلات
651 0 4 _aمصر
_xجغرافيا
651 0 4 _aمصر
_xمحافظات
942 _2ddc
_cBK
999 _c59862
_d59862